000 00436nam a2200157Ia 4500
008 210716s2013 xx 000 0 und d
020 _a9789382332442
041 _aeng
082 _a004.69 GROD
100 _aGrover, Daminni.
245 _aAdvanced internet technology and e commerce.
250 _a1
260 _aNew Delhi
_bI K International Publishing House Pvt Ltd
_c2013
300 _axv,384
650 _aInternet / Mutimedia
999 _c194122
_d194122